000
00331nam a2200133Ia 4500
008
191201s2012 xx 000 0 und d
082
_a
510
_b
BHE
100
_a
BHARGAVA, M.L
245
0
_a
Elements of Business Mathematics
260
_a
N. Delhi
_b
Jeevan Sons Publication
_c
2012
300
_a
Misc
650
_a
BBA
942
_2
ddc
_c
BK
999
_c
4615
_d
4615